[Event "Regionalliga NO 0809"]
[Site "Bayern"]
[Date "2009.01.18"]
[Round "5.5"]
[White "Bader, Dominic"]
[Black "Berreth, Marc"]
[Result "0-1"]
[WhiteElo "1936"]
[BlackElo "2013"]
[PlyCount "48"]
[EventDate "2008.10.05"]
[EventType "team-tourn"]
[EventRounds "9"]
[EventCountry "GER"]
[SourceTitle "EXT 2020"]
[Source "ChessBase"]
[SourceDate "2019.10.17"]
[SourceVersion "1"]
[SourceVersionDate "2019.10.17"]
[SourceQuality "1"]
[WhiteTeam "Dietfurt"]
[BlackTeam "Forchheim II"]
[WhiteTeamCountry "GER"]
[BlackTeamCountry "GER"]

1. e4 e6 2. Nc3 d5 3. Nf3 Nf6 4. e5 Nfd7 5. d4 c5 6. dxc5 Bxc5 7. Bd3 Nc6 8. Bf4 Be7 9. Bg3 0-0 10. Qe2 Nc5 11. 0-0-0 Qa5 12. a3 Rb8 13. h4 Nxd3+ 14. Qxd3 b5 15. Ng5 g6 16. Nxd5 exd5 17. e6 Bxe6 18. Nxe6 fxe6 19. Bxb8 Rxb8 20. b4 Nxb4 21. axb4 Bxb4 22. Qb3 Bc3 23. Rd3 Rc8 24. Rhh3 Qa1+ 0-1

[Event "Regionalliga NO 0708"]
[Site "Bayern"]
[Date "2008.02.17"]
[Round "6.6"]
[White "Berreth, Marc"]
[Black "Sippl, Martin"]
[Result "1-0"]
[WhiteElo "2042"]
[BlackElo "2057"]
[PlyCount "51"]
[EventDate "2007.10.21"]
[EventType "team-tourn"]
[EventRounds "9"]
[EventCountry "GER"]
[SourceTitle "EXT 2009"]
[Source "ChessBase"]
[SourceDate "2008.11.26"]
[SourceVersion "1"]
[SourceVersionDate "2008.11.26"]
[SourceQuality "1"]
[WhiteTeam "Forchheim II"]
[BlackTeam "Postbauer"]
[WhiteTeamCountry "GER"]
[BlackTeamCountry "GER"]

1. e4 d6 2. d4 Nf6 3. Nc3 c6 4. a4 a5 5. h3 g6 6. Nf3 Bg7 7. Be3 0-0 8. Be2 Qc7 9. Qd2 Rd8 10. Bh6 Bh8 11. 0-0 Na6 12. Qe3 Nb4 13. Rac1 Bd7 14. Bc4 e6 15. Bg5 Re8 16. Qf4 Nh5 17. Qh4 f6 18. Be3 Qd8 19. g4 Ng7 20. e5 fxe5 21. Bg5 Qc7 22. Ne4 exd4 23. Qxh7+ Kf8 24. Bf6 g5 25. Qxh8+ Kf7 26. Qxg7# 1-0

[Event "Regionalliga NO 0708"]
[Site "Bayern"]
[Date "2007.11.04"]
[Round "2.5"]
[White "Berreth, Marc"]
[Black "Wallinger, Manfred"]
[Result "0-1"]
[WhiteElo "2042"]
[BlackElo "2147"]
[PlyCount "70"]
[EventDate "2007.10.21"]
[EventType "team-tourn"]
[EventRounds "9"]
[EventCountry "GER"]
[SourceTitle "EXT 2009"]
[Source "ChessBase"]
[SourceDate "2008.11.26"]
[SourceVersion "1"]
[SourceVersionDate "2008.11.26"]
[SourceQuality "1"]
[WhiteTeam "Forchheim II"]
[BlackTeam "Altensittenbach"]
[WhiteTeamCountry "GER"]
[BlackTeamCountry "GER"]

1. e4 d5 2. exd5 Qxd5 3. Nc3 Qd6 4. d4 Nf6 5. g3 a6 6. Bg2 e6 7. Be3 Be7 8. h3 0-0 9. Qd2 Nbd7 10. Nf3 Nb6 11. Ne5 Nbd5 12. Bg5 Rd8 13. 0-0-0 Nxc3 14. Qxc3 Nd5 15. Bxe7 Qxe7 16. Qb3 c6 17. Rhe1 Qc7 18. Kb1 Bd7 19. c4 Ne7 20. d5 exd5 21. cxd5 Nxd5 22. Nxd7 Qxd7 23. Bxd5 cxd5 24. Re5 d4 25. g4 Rac8 26. Rde1 Qc6 27. Re7 Qg6+ 28. R1e4 d3 29. a3 d2 30. Ka2 h5 31. gxh5 Qxh5 32. Rg4 d1Q 33. Re8+ Rxe8 34. Qxd1 Qh6 35. Qd4 Qe6+ 0-1

[Event "Landesliga Nord 0607"]
[Site "Bayern"]
[Date "2006.10.15"]
[Round "1.5"]
[White "Berreth, Marc"]
[Black "Kotz, Reinhard"]
[Result "0-1"]
[WhiteElo "2046"]
[BlackElo "2073"]
[PlyCount "56"]
[EventDate "2006.10.15"]
[EventType "team"]
[EventRounds "9"]
[EventCountry "GER"]
[SourceTitle "EXT 2008"]
[Source "ChessBase"]
[SourceDate "2007.11.25"]
[SourceVersion "1"]
[SourceVersionDate "2007.11.25"]
[SourceQuality "1"]
[WhiteTeam "Forchheim II"]
[BlackTeam "Puschendorf"]
[WhiteTeamCountry "GER"]
[BlackTeamCountry "GER"]

1. d4 Nf6 2. Nf3 g6 3. Bf4 c5 4. e3 Bg7 5. Be2 0-0 6. 0-0 Nh5 7. Bg5 h6 8. Bh4 g5 9. Nxg5 hxg5 10. Bxg5 Nf6 11. Bd3 Qb6 12. Nc3 cxd4 13. exd4 Nc6 14. Bxf6 Bxf6 15. Nd5 Qxd4 16. Nxf6+ Qxf6 17. f4 Rd8 18. Rf3 d6 19. Rg3+ Kf8 20. Qh5 Ke8 21. Bg6 fxg6 22. Rxg6 Qd4+ 23. Kh1 Kd7 24. Rd1 Qxf4 25. Rg7 Kc7 26. c3 Bd7 27. Qe2 Rh8 28. g3 Qf6 0-1

[Event "Landesliga Nord 0506"]
[Site "Bayern"]
[Date "2005.11.27"]
[Round "3.4"]
[White "Berreth, Marc"]
[Black "Roeder, Gerd"]
[Result "1/2-1/2"]
[WhiteElo "2038"]
[BlackElo "2212"]
[PlyCount "24"]
[EventDate "2005.10.23"]
[EventType "team"]
[EventRounds "9"]
[EventCountry "GER"]
[SourceTitle "EXT 2007"]
[Source "ChessBase"]
[SourceDate "2006.11.23"]
[SourceVersion "1"]
[SourceVersionDate "2006.11.23"]
[SourceQuality "1"]

1. d4 c5 2. c3 Nf6 3. Nf3 b6 4. dxc5 bxc5 5. e4 Bb7 6. e5 Nd5 7. c4 Nc7 8. Be3 e6 9. Nc3 f6 10. exf6 Qxf6 11. Be2 h6 12. 0-0 Be7 1/2-1/2

[Event "Landesliga Nord 0304"]
[Site "Bayern"]
[Date "2003.12.14"]
[Round "4.3"]
[White "Opitz, Alexander"]
[Black "Berreth, Marc"]
[Result "1-0"]
[WhiteElo "2035"]
[BlackElo "2050"]
[PlyCount "55"]
[EventDate "2003.10.??"]
[EventType "team"]
[EventRounds "9"]
[EventCountry "GER"]
[SourceTitle "EXT 2006"]
[Source "ChessBase"]
[SourceDate "2005.11.24"]
[SourceVersion "1"]
[SourceVersionDate "2005.11.24"]
[SourceQuality "1"]
[WhiteTeam "Bindlach"]
[BlackTeam "Forchheim II"]
[WhiteTeamCountry "GER"]
[BlackTeamCountry "GER"]

1. e4 c5 2. c3 Nf6 3. e5 Nd5 4. d4 cxd4 5. Nf3 Nc6 6. Bc4 Nb6 7. Bb3 d5 8. exd6 Qxd6 9. 0-0 Be6 10. Na3 dxc3 11. Qe2 Bxb3 12. Nb5 Qd7 13. axb3 e6 14. Rd1 Qc8 15. Bf4 f6 16. Nc7+ Kf7 17. Nxa8 Nxa8 18. bxc3 Nc7 19. Bxc7 Qxc7 20. Nd4 Nxd4 21. cxd4 a6 22. Rac1 Qd7 23. f4 Bd6 24. Qe4 g6 25. d5 e5 26. fxe5 Bxe5 27. d6 Bxd6 28. Rxd6 1-0

[Event "Landesliga Nord 0304"]
[Site "Bayern"]
[Date "2003.10.12"]
[Round "1.5"]
[White "Hanisch, Friedrich"]
[Black "Berreth, Marc"]
[Result "1-0"]
[WhiteElo "2045"]
[BlackElo "2050"]
[PlyCount "49"]
[EventDate "2003.10.??"]
[EventType "team"]
[EventRounds "9"]
[EventCountry "GER"]
[SourceTitle "EXT 2006"]
[Source "ChessBase"]
[SourceDate "2005.11.24"]
[SourceVersion "1"]
[SourceVersionDate "2005.11.24"]
[SourceQuality "1"]
[WhiteTeam "Asittenbach"]
[BlackTeam "Forchheim II"]
[WhiteTeamCountry "GER"]
[BlackTeamCountry "GER"]

1. c4 e5 2. Nc3 d6 3. g3 f5 4. d4 e4 5. f3 Nf6 6. Bg2 exf3 7. Nxf3 c6 8. 0-0 Be7 9. Qd3 0-0 10. Nh4 g6 11. Bh6 Re8 12. h3 Nh5 13. g4 Bxh4 14. gxh5 Bg5 15. Bxg5 Qxg5 16. hxg6 hxg6 17. Rf3 Qh4 18. Raf1 Nd7 19. Rg3 Kh7 20. Rxf5 gxf5 21. Qxf5+ Kh8 22. Qg6 Qxg3 23. Qxg3 Re6 24. Ne4 Nf6 25. Ng5 1-0

[Event "Landesliga Nord 0203"]
[Site "Bayern"]
[Date "2003.03.30"]
[Round "9.2"]
[White "Ksieski, Zbigniew"]
[Black "Berreth, Marc"]
[Result "1-0"]
[WhiteElo "2345"]
[BlackElo "2046"]
[PlyCount "41"]
[EventDate "2002.10.20"]
[EventType "team"]
[EventRounds "9"]
[EventCountry "GER"]
[SourceTitle "EXT 2004"]
[Source "ChessBase"]
[SourceDate "2003.11.25"]
[SourceVersion "1"]
[SourceVersionDate "2003.11.25"]
[SourceQuality "1"]
[WhiteTeam "Sailauf"]
[BlackTeam "Bamberg II"]
[WhiteTeamCountry "GER"]
[BlackTeamCountry "GER"]

1. c4 d6 2. Nc3 e5 3. g3 f5 4. d4 e4 5. f3 exf3 6. Nxf3 Nf6 7. Bg2 Be7 8. 0-0 0-0 9. d5 Na6 10. Nd4 Ng4 11. h3 Ne5 12. b3 Bg5 13. e4 Bxc1 14. Qxc1 fxe4 15. Rxf8+ Qxf8 16. Nxe4 Nc5 17. Nxc5 dxc5 18. Nb5 Bd7 19. Nxc7 Rc8 20. Qc3 Nxc4 21. Qxc4 1-0

[Event "Landesliga Nord 0203"]
[Site "Bayern"]
[Date "2002.10.20"]
[Round "1.1"]
[White "Chytilek, Roman"]
[Black "Berreth, Marc"]
[Result "1-0"]
[WhiteElo "2369"]
[BlackElo "2059"]
[PlyCount "35"]
[EventDate "2002.10.20"]
[EventType "team"]
[EventRounds "9"]
[EventCountry "GER"]
[SourceTitle "EXT 2004"]
[Source "ChessBase"]
[SourceDate "2003.11.25"]
[SourceVersion "1"]
[SourceVersionDate "2003.11.25"]
[SourceQuality "1"]
[WhiteTeam "Cham"]
[BlackTeam "Bamberg II"]
[WhiteTeamCountry "GER"]
[BlackTeamCountry "GER"]

1. e4 d6 2. d4 Nf6 3. Nc3 g6 4. Be3 c6 5. h3 Bg7 6. f4 0-0 7. Nf3 Qa5 8. Bd3 c5 9. dxc5 dxc5 10. 0-0 Nc6 11. e5 Ne8 12. Ne4 c4 13. Bxc4 Qb4 14. b3 Be6 15. a3 Qa5 16. Bxe6 fxe6 17. Nc5 Qc3 18. Qc1 1-0

[Event "Staufer op 14th"]
[Site "Schwaebisch Gmuend"]
[Date "2002.??.??"]
[Round "3"]
[White "Berreth, Marc"]
[Black "Haub, Thorsten Michael"]
[Result "0-1"]
[WhiteElo "2146"]
[BlackElo "2377"]
[PlyCount "72"]
[EventDate "2002.02.??"]
[EventType "swiss"]
[EventRounds "9"]
[EventCountry "GER"]
[SourceTitle "EXT 2003"]
[Source "ChessBase"]
[SourceDate "2002.11.25"]
[SourceVersion "1"]
[SourceVersionDate "2002.11.25"]
[SourceQuality "1"]

1. d4 e6 2. Nf3 f5 3. c4 Nf6 4. Nc3 Be7 5. Bf4 0-0 6. e3 d6 7. Bd3 Nh5 8. h3 Nxf4 9. exf4 Bf6 10. 0-0 Nc6 11. Bb1 e5 12. fxe5 dxe5 13. d5 Ne7 14. Re1 e4 15. Nd4 c6 16. Nde2 Ng6 17. Bc2 Be5 18. dxc6 bxc6 19. Qxd8 Rxd8 20. Rad1 Be6 21. b3 Nf4 22. Nxf4 Bxf4 23. Rxd8+ Rxd8 24. Rd1 Rxd1+ 25. Nxd1 Kf7 26. Ne3 Kf6 27. Bd1 Ke5 28. Nc2 Bc1 29. Kf1 c5 30. Ke1 g6 31. Kf1 h5 32. Ke1 f4 33. h4 Bf5 34. g3 fxg3 35. fxg3 e3 36. Kf1 Bd3+ 0-1

[Event "Pyramiden Franken Cup 4th"]
[Site "Fuerth"]
[Date "2001.08.26"]
[Round "9"]
[White "Lutz, Oliver"]
[Black "Berreth, Marc"]
[Result "0-1"]
[WhiteElo "1978"]
[BlackElo "2140"]
[PlyCount "88"]
[EventDate "2001.08.18"]
[EventType "swiss"]
[EventRounds "9"]
[EventCountry "GER"]
[SourceTitle "EXT 2010"]
[Source "ChessBase"]
[SourceDate "2010.11.25"]
[SourceVersion "1"]
[SourceVersionDate "2010.11.25"]
[SourceQuality "1"]

1. e4 e6 2. d3 c5 3. g3 Nc6 4. Bg2 g6 5. Ne2 Bg7 6. c3 Nge7 7. Be3 d6 8. 0-0 0-0 9. Qd2 Re8 10. Na3 Rb8 11. f4 b5 12. d4 cxd4 13. cxd4 d5 14. e5 b4 15. Nc2 a5 16. b3 Ba6 17. Rfb1 Qb6 18. Nc1 Nf5 19. Bf2 h5 20. Bh3 Bf8 21. Bxf5 exf5 22. Ne1 Na7 23. Ncd3 Nb5 24. Nc5 Nc3 25. Nd7 Qb5 26. Nf6+ Kh8 27. Nf3 Nxb1 28. Rxb1 Rec8 29. Ng5 Kg7 30. Qd1 Be7 31. Nxh5+ Kf8 32. Nh7+ Ke8 33. N5f6+ Bxf6 34. Nxf6+ Ke7 35. g4 Rc3 36. gxf5 gxf5 37. Bh4 Ke6 38. Nh7 Qd3 39. Ng5+ Kd7 40. Nxf7 Qe3+ 41. Bf2 Qxf4 42. Qh5 Rg8+ 43. Bg3 Rcxg3+ 44. hxg3 Qxg3+ 0-1

[Event "Pyramiden Franken Cup 4th"]
[Site "Fuerth"]
[Date "2001.08.19"]
[Round "2"]
[White "Berreth, Marc"]
[Black "Jansa, Vlastimil"]
[Result "1/2-1/2"]
[WhiteElo "2140"]
[BlackElo "2466"]
[PlyCount "111"]
[EventDate "2001.08.18"]
[EventType "swiss"]
[EventRounds "9"]
[EventCountry "GER"]
[SourceTitle "EXT 2010"]
[Source "ChessBase"]
[SourceDate "2010.11.25"]
[SourceVersion "1"]
[SourceVersionDate "2010.11.25"]
[SourceQuality "1"]

1. d4 d6 2. Nf3 Bg4 3. e3 Nd7 4. c4 e5 5. Be2 Ngf6 6. Nc3 Be7 7. 0-0 0-0 8. Qc2 Re8 9. Rd1 Bf8 10. Rb1 c6 11. b4 e4 12. Nd2 Bxe2 13. Nxe2 d5 14. b5 Bd6 15. Nf1 Rc8 16. bxc6 bxc6 17. Bd2 c5 18. cxd5 cxd4 19. Qa4 d3 20. Neg3 Rc2 21. Bb4 Bxb4 22. Rxb4 Nxd5 23. Rd4 Nc3 24. Qxa7 Nb5 25. Qxd7 Nxd4 26. Qxd4 Qxd4 27. exd4 g6 28. Ne3 Rxa2 29. Nd5 Rea8 30. Nf6+ Kg7 31. Nfxe4 f5 32. Nd2 R8a4 33. Nf3 Ra1 34. Rxa1 Rxa1+ 35. Nf1 Kf6 36. g3 g5 37. h3 h5 38. Kg2 Ra4 39. Ne3 g4 40. hxg4 fxg4 41. Nd2 Rxd4 42. f4 Ke6 43. Kf2 Ra4 44. Nef1 Kf5 45. Ke3 Ra3 46. Nc4 Rb3 47. Nfd2 Rb8 48. Kxd3 Rd8+ 49. Ke2 Ra8 50. Ne3+ Ke6 51. Kd3 Rd8+ 52. Ke2 Ra8 53. Ndc4 Ra1 54. Ne5 Rg1 55. Kf2 Ra1 56. N5xg4 1/2-1/2

[Event "Staufer op 13th"]
[Site "Schwaebisch Gmuend"]
[Date "2001.??.??"]
[Round "6"]
[White "Hirn, Oskar"]
[Black "Berreth, Marc"]
[Result "1-0"]
[WhiteElo "2282"]
[BlackElo "2118"]
[PlyCount "89"]
[EventDate "2001.01.??"]
[EventType "swiss"]
[EventRounds "9"]
[EventCountry "GER"]
[SourceTitle "CBM 080 Extra"]
[Source "ChessBase"]
[SourceDate "2001.03.08"]
[SourceVersion "1"]
[SourceVersionDate "2001.03.08"]
[SourceQuality "1"]

1. d4 Nf6 2. g3 e6 3. Bg2 d5 4. c4 Be7 5. Nf3 0-0 6. 0-0 dxc4 7. Ne5 Nc6 8. Nxc6 bxc6 9. Na3 Bxa3 10. bxa3 Rb8 11. Qa4 Qxd4 12. Be3 Qb2 13. Qxc4 Rd8 14. Bxa7 Ra8 15. Rfb1 Qe5 16. Be3 Ba6 17. Qxc6 Nd5 18. Qc5 Bxe2 19. Re1 Qh5 20. h3 Ba6 21. Bd4 Rab8 22. Re5 Qg6 23. Be4 Qh6 24. h4 Qd2 25. Rg5 g6 26. Bxd5 Rxd5 27. Rxd5 exd5 28. Qxc7 Re8 29. Qc6 Re1+ 30. Rxe1 Qxe1+ 31. Kh2 Qe6 32. Qc7 f6 33. a4 Bc8 34. a5 Qh3+ 35. Kg1 Qe6 36. Bxf6 Qe1+ 37. Kg2 Bh3+ 38. Kxh3 Qf1+ 39. Kg4 Qe2+ 40. Kg5 Qh5+ 41. Kf4 Qf5+ 42. Ke3 Qxf6 43. Qc8+ Kg7 44. Qd7+ Kh6 45. Qxd5 1-0

[Event "BL2-Ost 0001"]
[Site "Germany"]
[Date "2000.10.15"]
[Round "1.6"]
[White "Dalinger, Valeri"]
[Black "Berreth, Marc"]
[Result "1-0"]
[WhiteElo "2309"]
[BlackElo "2119"]
[PlyCount "31"]
[EventDate "2000.10.15"]
[EventType "team-tourn"]
[EventRounds "9"]
[EventCountry "GER"]
[SourceTitle "CBM 082 Extra"]
[Source "ChessBase"]
[SourceDate "2001.07.03"]
[SourceVersion "1"]
[SourceVersionDate "2001.07.03"]
[SourceQuality "1"]
[WhiteTeam "Bindlach"]
[BlackTeam "Bamberg"]
[WhiteTeamCountry "GER"]
[BlackTeamCountry "GER"]

1. d4 d5 2. c4 c6 3. Nf3 e6 4. e3 Nf6 5. Nc3 Nbd7 6. Qc2 Bd6 7. Be2 0-0 8. 0-0 Qe7 9. b3 b6 10. e4 dxe4 11. Nxe4 Nxe4 12. Qxe4 Bb7 13. Bb2 f5 14. Qe3 c5 15. Rad1 cxd4 16. Qxd4 1-0

[Event "Pyramiden Franken Cup 3rd"]
[Site "Fuerth"]
[Date "2000.08.20"]
[Round "2"]
[White "Joachim, Sven"]
[Black "Berreth, Marc"]
[Result "1/2-1/2"]
[WhiteElo "2420"]
[BlackElo "2113"]
[PlyCount "108"]
[EventDate "2000.08.19"]
[EventType "swiss"]
[EventRounds "9"]
[EventCountry "GER"]
[SourceTitle "EXT 2010"]
[Source "ChessBase"]
[SourceDate "2010.11.25"]
[SourceVersion "1"]
[SourceVersionDate "2010.11.25"]
[SourceQuality "1"]

1. e4 c5 2. Nf3 Nc6 3. Nc3 g6 4. d4 cxd4 5. Nxd4 Bg7 6. Be3 Nf6 7. Bc4 Qa5 8. 0-0 0-0 9. Nb3 Qd8 10. Be2 d6 11. f4 Be6 12. Bf3 Qc8 13. Nd5 Ng4 14. Bc1 Nh6 15. Bd2 Bxd5 16. exd5 Nd4 17. c3 Nxf3+ 18. Qxf3 a5 19. Rae1 a4 20. Nc1 Re8 21. Rf2 Qg4 22. Nd3 Qxf3 23. Rxf3 e5 24. fxe5 dxe5 25. Bxh6 Bxh6 26. Rxe5 Rxe5 27. Nxe5 f5 28. Kf1 Re8 29. Nd3 b5 30. Nb4 Bc1 31. Rf2 Kf7 32. Rc2 Bf4 33. g3 Bd6 34. Nc6 Re4 35. Re2 Rxe2 36. Kxe2 h5 37. b3 axb3 38. axb3 h4 39. Kf3 Kf6 40. gxh4 Bxh2 41. Nd4 Ke5 42. Nxb5 Kxd5 43. Nd4 Be5 44. Ne2 Kc5 45. Nf4 Bxc3 46. Nxg6 Bf6 47. h5 Bg5 48. Ne5 Kb4 49. Nf7 Bc1 50. Nd6 Kxb3 51. Nxf5 Kc4 52. Ne3+ Kd3 53. Nd5 Kd4 54. Nf4 Ke5 1/2-1/2

[Event "BL2-Ost 9900"]
[Site "Germany"]
[Date "2000.04.09"]
[Round "9.8"]
[White "Doeres, Hans Juergen"]
[Black "Berreth, Marc"]
[Result "1-0"]
[WhiteElo "2255"]
[BlackElo "2120"]
[PlyCount "97"]
[EventDate "1999.10.10"]
[EventType "team-tourn"]
[EventRounds "9"]
[EventCountry "GER"]
[SourceTitle "CBM 075 Extra"]
[Source "ChessBase"]
[SourceDate "2000.05.11"]
[SourceVersion "2"]
[SourceVersionDate "2000.05.11"]
[SourceQuality "1"]
[WhiteTeam "Forchheim"]
[BlackTeam "Bamberg"]
[WhiteTeamCountry "GER"]
[BlackTeamCountry "GER"]

1. e4 e6 2. d3 d5 3. Nd2 Nf6 4. Ngf3 c5 5. g3 Nc6 6. Bg2 Be7 7. 0-0 0-0 8. Re1 b5 9. e5 Nd7 10. Nf1 a5 11. h4 b4 12. Bf4 Ba6 13. h5 a4 14. a3 bxa3 15. bxa3 Nd4 16. N1h2 Rb8 17. Nxd4 cxd4 18. Qg4 Kh8 19. Nf3 Qb6 20. Bg5 Bxg5 21. Nxg5 Rbc8 22. Bxd5 Nxe5 23. Rxe5 exd5 24. Qf5 g6 25. hxg6 Qxg6 26. Qxg6 fxg6 27. Ra2 Rce8 28. Rxe8 Rxe8 29. Nf3 Re2 30. Nxd4 Rd2 31. Ra1 Kg7 32. Kf1 Bxd3+ 33. cxd3 Rxd3 34. Nc2 Rc3 35. Nb4 d4 36. Ke2 h5 37. Kd2 g5 38. Nc2 Rf3 39. Ke2 Rb3 40. Nxd4 Rb2+ 41. Ke3 Kf6 42. Rc1 h4 43. Rc6+ Ke5 44. Rc5+ Kf6 45. Rc6+ Ke5 46. Rg6 hxg3 47. Rxg5+ Kf6 48. Rxg3 Ra2 49. Ke4 1-0